| 000 | 00361nam a22001457a 4500 | ||
|---|---|---|---|
| 020 | _a978-81-89757-63-2 | ||
| 082 |
_a004 _bSHA/I |
||
| 100 | _aSHARMA, PANKAJ | ||
| 245 | _aINTRODUCTION TO WEB TECHNOLOGY | ||
| 250 | _aFOURTYH EDITION | ||
| 260 |
_aDELHI _bS.K.KATARIA & SONS _c2010 |
||
| 300 | _a586 | ||
| 650 |
_aCOMPUTER SCIENCE REFERENCE _zINDIA |
||
| 942 | _cBK | ||
| 999 |
_c1702 _d1702 |
||